World of Warships American Ships - Statistics

General Stats
  • This quiz has been taken 216 times
    213 since last reset
  • The average score is 20 of 34
Answer Stats
Hint Answer % Correct
Tier 9 Battleship Iowa
88%
Tier 5 Battleship New York
79%
Tier 10 Battleship Montana
77%
Tier 8 Battleship North Carolina
77%
Tier 6 Battleship New Mexico
75%
Tier 7 Battleship Colorado
73%
Tier 4 Aircraft Carrier Langley
73%
Tier 4 Battleship Wyoming
73%
Tier 10 Aircraft Carrier Midway
72%
Tier 8 Aircraft Carrier Lexington
69%
Tier 3 Battleship South Carolina
69%
Tier 5 Cruiser Omaha
68%
Tier 9 Destroyer Fletcher
66%
Tier 7 Aircraft Carrier Ranger
65%
Tier 10 Cruiser Des Moines
61%
Tier 10 Destroyer Gearing
61%
Tier 7 Cruiser Pensacola
61%
Tier 3 Cruiser St. Louis
57%
Tier 9 Cruiser Baltimore
56%
Tier 9 Aircraft Carrier Essex
56%
Tier 4 Cruiser Phoenix
55%
Tier 8 Destroyer Benson
53%
Tier 6 Cruiser Cleveland
51%
Tier 8 Cruiser New Orleans
51%
Tier 1 Cruiser Erie
49%
Tier 4 Destroyer Clemson
48%
Tier 7 Destroyer Mahan
48%
Tier 2 Cruiser Chester
46%
Tier 6 Destroyer Farragut
46%
Tier 5 Aircraft Carrier Bogue
43%
Tier 2 Destroyer Sampson
41%
Tier 3 Destroyer Wickes
41%
Tier 6 Aircraft Carrier Independence
40%
Tier 5 Destroyer Nicholas
39%
No matching quizzes found
Score Distribution
Percent of People with Each Score
Percentile by Number Answered
Your Score History
You have not taken this quiz since the last reset